|
|
|
|
| LEADER |
00000nam0a2200000 4500 |
| 001 |
281005 |
| 005 |
20231101235348.0 |
| 020 |
|
|
|a RU
|b 86-78498
|
| 035 |
|
|
|a (RuTPU)RU\TPU\book\304598
|
| 090 |
|
|
|a 281005
|
| 100 |
|
|
|a 20150116d1986 k y0rusy5003 ca
|
| 101 |
0 |
|
|a rus
|
| 102 |
|
|
|a RU
|
| 105 |
|
|
|a y z 001zy
|
| 200 |
1 |
|
|a Организационные проблемы повышения эффективности доменного производства
|f А. И. Стрелец [и др.]
|
| 210 |
|
|
|a Москва
|c Металлургия
|d 1986
|
| 215 |
|
|
|a 216 с.
|
| 300 |
|
|
|a Авт. указаны на обороте тит. л.
|
| 320 |
|
|
|a Библиогр.: с. 212-215
|
| 606 |
|
|
|a Доменное производство
|x Технико-экономические показатели
|2 stltpush
|3 (RuTPU)RU\TPU\subj\9907
|9 37059
|
| 610 |
1 |
|
|a чугун
|
| 610 |
1 |
|
|a выплавка
|
| 610 |
1 |
|
|a затраты
|
| 610 |
1 |
|
|a снижение
|
| 610 |
1 |
|
|a техника
|
| 610 |
1 |
|
|a технология
|
| 610 |
1 |
|
|a железорудные материалы
|
| 610 |
1 |
|
|a подготовка
|
| 610 |
1 |
|
|a доменные печи
|
| 610 |
1 |
|
|a ремонт
|
| 610 |
1 |
|
|a оборудование
|
| 610 |
1 |
|
|a планирование
|
| 675 |
|
|
|a 669.162.27
|v 3
|
| 701 |
|
1 |
|a Стрелец
|b А. И.
|g Анатолий Иванович
|
| 701 |
|
1 |
|a Макаров
|b Л. П.
|g Леонид Петрович
|
| 701 |
|
1 |
|a Воронова
|b Л. Я.
|g Лидия Ярославна
|
| 701 |
|
1 |
|a Гелюх
|b Л. Л.
|g Лариса Леонидовна
|
| 801 |
|
0 |
|a RU
|b RuMRKP
|c 19950704
|g psbo
|
| 801 |
|
1 |
|a RU
|b 63413507
|c 20150116
|
| 801 |
|
2 |
|a RU
|b 63413507
|c 20170609
|g RCR
|
| 942 |
|
|
|c BK
|